Quinquennial inspections of historic houses: inspection report and advisory notes approved by the Historic Buildings Council for England and Wales (Record no. 88956)

MARC details
000 -LEADER
fixed length control field 00693cam a2200205 4500
001 - CONTROL NUMBER
control field D16025
008 - FIXED-LENGTH DATA ELEMENTS--GENERAL INFORMATION
fixed length control field 090401t1982 xxu||||| |||| 00| 0 eng d
035 ## - SYSTEM CONTROL NUMBER
System control number (Sirsi) u26619
041 ## - LANGUAGE CODE
Language code of text/sound track or separate title eng
050 ## - LIBRARY OF CONGRESS CALL NUMBER
Classification number 690.241
110 ## - MAIN ENTRY--CORPORATE NAME
Corporate name or jurisdiction name as entry element Royal Institution of Chartered Surveyors
9 (RLIN) 4900
245 ## - TITLE STATEMENT
Title Quinquennial inspections of historic houses: inspection report and advisory notes approved by the Historic Buildings Council for England and Wales
260 ## - PUBLICATION, DISTRIBUTION, ETC.
Place of publication, distribution, etc. London
Name of publisher, distributor, etc. Surveyors Publications for RICS and RIBA
Date of publication, distribution, etc. 1982
300 ## - PHYSICAL DESCRIPTION
Extent 3p. 30cm
350 ## - PRICE (NR) (BK AM CF MU VM SE) [OBSOLETE]
Price 0
520 ## - SUMMARY, ETC.
Summary, etc. Filed in box RICS 1982/18 ABC
710 ## - ADDED ENTRY--CORPORATE NAME
Corporate name or jurisdiction name as entry element Royal Institute of British Architects
9 (RLIN) 2527
942 ## - ADDED ENTRY ELEMENTS (KOHA)
Suppress in OPAC 0
948 ## - LOCAL PROCESSING INFORMATION (OCLC); SERIES PART DESIGNATOR (RLIN)
c (OCLC) 04/03/1997
Holdings
Withdrawn status Lost status Source of classification or shelving scheme Damaged status Not for loan Home library Current library Shelving location Date acquired Total Checkouts Full call number Barcode Date last seen Copy number Price effective from Koha item type Date last checked out
    Other/Generic Classification Scheme     London London RICS Boxes 14/09/1999   RICS 1982/18 30006937 06/08/2019 1 06/08/2019 Reference material  
    Other/Generic Classification Scheme     London London RICS Boxes 09/08/1991 2 RICS 1982/18 30006941 06/08/2019 2 06/08/2019 Book 13/03/2003
    Other/Generic Classification Scheme     London London RICS Boxes 08/01/1992   RICS 1982/18 30031255 06/08/2019 3 06/08/2019 Archive